| 000 | 00871nam a2200265Ia 4500 | ||
|---|---|---|---|
| 003 | OSt | ||
| 005 | 20220927115032.0 | ||
| 006 | a|||||r|||| 00| 0 | ||
| 007 | ta | ||
| 008 | 220926b |||||||| |||| 00| 0 eng d | ||
| 024 | _a92358 | ||
| 037 | _cThesis and Dissertations | ||
| 040 |
_aRTL _cRTL _beng |
||
| 041 |
_2eng _aeng |
||
| 082 | _a"X9(F56).2.N8, M6" | ||
| 100 |
_aSingh Neelam _9374064 |
||
| 110 |
_aUniversity Of Delhi. Deptt Of Economics _9390116 |
||
| 245 | 0 | _aForeign ownership size and performance of a firm | |
| 260 |
_aDelhi _bUniversity Of Delhi India _c1986 |
||
| 300 |
_a320p. Bib p. 300-320 Appendix _ccm. |
||
| 650 | _aPharmaceutical Industry | ||
| 700 |
_aUniversity Of Delhi. Deptt Of Economics _9390117 |
||
| 942 |
_h"X9(F56).2.N8, M6" _cCC |
||
| 999 |
_c705477 _d705477 |
||